| 000 | 00423cam a2200169ua 4500 | ||
|---|---|---|---|
| 003 | OSt | ||
| 008 | 241223b |||||||| |||| 00| 0 eng d | ||
| 041 | _aeng | ||
| 082 |
_a621.301 _bHAN/BA |
||
| 100 |
_aHANS, L. R . _96558 |
||
| 245 | _aBasic shop practical in electrical engineering | ||
| 250 | _a5 / | ||
| 260 |
_a : _bDhanpat rai & sons , _c1992. |
||
| 300 | _a ; . | ||
| 700 | 1 |
_aAnwani, M. L . _96532 |
|
| 942 | _cBK | ||
| 999 |
_c1454 _d1454 |
||